Normal view
MARC view
- Meade, Russell L
Entry Personal Name
001 - CONTROL NUMBER
- control field: 81380
003 - CONTROL NUMBER IDENTIFIER
- control field: NUST
005 - DATE AND TIME OF LATEST TRANSACTION
- control field: 20210810121058.0
008 - FIXED-LENGTH DATA ELEMENTS
- fixed length control field: 210810|| aca||aabn | a|a d
040 ## - CATALOGING SOURCE
- Original cataloging agency: NUST
- Transcribing agency: NUST
100 ## - HEADING--PERSONAL NAME
- Personal name: Meade, Russell L
670 ## - SOURCE DATA FOUND
- Source citation: Work cat.: (NUST)32386: Meade, Russell L., Foundations of electronics :, c2007.
